000 01010cam a22002775a 4500
001 L152664
002 18496
008 110411s2010 xxk f 001 0 eng d
020 _a9781847032041
035 _a(Sirsi) u152664
041 0 _aeng
050 0 4 _a692.8 $2 18
245 0 0 _aHudson's building and engineering contracts
250 _a12th ed.
260 _aLondon
_bSweet & Maxwell
_c2010
300 _acxlv, 1519p.
_c24cm.
520 _aProvides an overview of the law and interpretation of construction contracts, including JCT, NEC, ICE, and FIDIC. Discusses relevant English and international case law and highlights the responsibilities and obligations of project managers, architects, engineers, surveyors and consultants.
521 _aAdvanced.
590 _aKA
651 4 _aEngland and Wales
_y1543-
690 _aBUILT ENVIRONMENT-BUILDING CONTRACT FORMS
700 1 _aDennys, Nicholas
_eEditor
700 1 _aRaeside, Mark
_eEditor
700 1 _aClay, Robert
_eEditor
942 _n0
999 _c112156
_d112156